000 00703nam a2200289Ia 4500
005 20260324111854.0
008 008 260324s9999 xx 000 0 eng d
020 _a9781003613640
037 _aEBOOK
040 _aCRL
040 _beng
040 _cCRL
041 _2eng
041 _aeng
084 _qCRL
100 _aRoman Heil
_91140364
245 0 _aKnowledge and Rational Action
245 0 _bWhy What We Know Matters for the Rationality of What We Do
260 _bTaylor and Francis
260 _c2025
365 _a
365 _b230
856 _uhttp://www.taylorfrancis.com/books/9781003613640
942 _cEBOOK
999 _c1729328
_d1729328